| 000 | 00410nam a2200157Ia 4500 | ||
|---|---|---|---|
| 008 | 230917s9999||||xx |||||||||||||| ||und|| | ||
| 040 |
_e209571 _aMAIN |
||
| 041 | _aEnglish | ||
| 082 | _a519.5 W848I(4) | ||
| 100 | _aWonnacott, Thomas H | ||
| 245 | 0 | _aIntroductory statistics for business and economics | |
| 250 | _a4th ed. | ||
| 260 |
_aNew York _bJohn Wiley _c1990 |
||
| 300 | _axv, 815 p. | ||
| 942 | _cBK | ||
| 999 |
_c167921 _d167921 |
||